Estudio de factibilidad y diseño de una minicentral hidroeléctrica a partir de un sistema abastecedor de agua potable de la Empresa Nicaragüense de Acueductos y Alcantarillados Sanitarios (ENACAL)
Presenta un estudio de factibilidad y diseño de una minicentral hidroeléctrica a partir de un sistema abastecedor de agua potable de la Empresa Nicaragüense de Acueductos y Alcantarillados Sanitarios (ENACAL).Describe seis reservorios donde uno de ellos trasmite agua potable por gravedad a las ot...
| Main Authors: | , |
|---|---|
| Other Authors: | |
| Format: | Tesis Section = Libro |
| Language: | Undetermined Spanish |
| Published: |
Managua
UNI
2004
|
| Subjects: |
| LEADER | 01501nam a2200265Ia 4500 | ||
|---|---|---|---|
| 008 | 240830s9999 xx 000 0 und d | ||
| 040 | |a BIBLIOTECA-RUPAP Mon 621.312134 G216 | ||
| 041 | |a spa | ||
| 082 | |a Mon 621.312134 G216 | ||
| 100 | 1 | |a García Teller, Christian Alberto | |
| 100 | 1 | |b Romero Soza, Robelt Bayardo | |
| 245 | 1 | 0 | |a Estudio de factibilidad y diseño de una minicentral hidroeléctrica a partir de un sistema abastecedor de agua potable de la Empresa Nicaragüense de Acueductos y Alcantarillados Sanitarios (ENACAL) |
| 260 | |a Managua |b UNI |c 2004 | ||
| 300 | |a 94 p. :il. | ||
| 500 | |a Contiene: anexos. | ||
| 502 | |a Tesis (Ingeniero Mecánico)- UNI, 2004. | ||
| 520 | 3 | |a Presenta un estudio de factibilidad y diseño de una minicentral hidroeléctrica a partir de un sistema abastecedor de agua potable de la Empresa Nicaragüense de Acueductos y Alcantarillados Sanitarios (ENACAL).Describe seis reservorios donde uno de ellos trasmite agua potable por gravedad a las otras restantes, teniendo diferentes alturas grutas de caída de agua y gran variaciones de caudales, siendo estas cada hora ya que ENACAL manipula los caudales de estos las 24 horas diarias. | |
| 650 | 7 | |a GENERACIÓN HIDROELÉCTRICA - DISEÑO MINICENTRAL | |
| 650 | 7 | |b CAUDAL DE DISEÑO | |
| 650 | 7 | |c TURBINA -POTENCIA - ENERGÍA – RESERVORIO | |
| 650 | 7 | |d DISEÑO TURNINA PELTON DOBLE | |
| 700 | 1 | |a Tutor: |b Barrios González, Abelardo | |
| 942 | |c BK |2 ddc | ||
| 991 | |a TESIS | ||
| 999 | |c 15743 | ||